00370cam a22001337a 4500008003600000082001600036100002400052245004300076260002700119300001000146440004700156650001300203650002000216180718b xxu||||| |||| 00| 0 eng d aZ211 K897se aKrishnamurthy, K.H. aSeasoning herbscby K.H. Krishnamurthy aDelhibBooks For Allc a105p. aHealth series: traditional family medicine aMedicine aFamily medicine